000 00664nam a2200253 a 4500
001 nice12345678
003 IN_TiNIC
005 20260116011434.0
008 050524s0000 boma grp 000 0 eng
020 _a
_c100
082 0 0 _a297.822
_bSAI1
100 _aSaifuddin, Syedna Taher
245 _aGolden Panorma
_b Life and Works of Syedna Taher Saifuddin
260 _aBombay
_bSaifia Educational Trust
_c0000
300 _a157p
500 _aincludes index and biblioraphy
505 2 _aill
650 _aDawoodi Bohras
650 _aSyedna Taher Saifuddin
700 1 _aSaifuddin, Syedna Taher
902 _bSRS
942 _cBK
999 _c1532
_d1532